Statistics for Diaspora-Spain

Click here to take the quiz!

General Stats

  • This quiz has been taken 46 times
  • The average score is 26 of 32

Answer Stats

Continent Country % Correct
North AmericaUnited States of America
93%
EuropeFrance
93%
EuropeGermany
90%
EuropeUnited Kingdom
90%
South AmericaChile
90%
North AmericaMexico
90%
South AmericaArgentina
90%
OceaniaAustralia
88%
South AmericaBrazil
88%
South AmericaColombia
88%
South AmericaUruguay
88%
South AmericaPeru
88%
South AmericaVenezuela
85%
North AmericaCuba
85%
South AmericaEcuador
83%
North AmericaCosta Rica
83%
North AmericaCanada
83%
EuropeBelgium
83%
North AmericaGuatemala
78%
North AmericaEl Salvador
78%
North AmericaDominican Republic
78%
AfricaMorocco
78%
EuropeSwitzerland
76%
EuropeAndorra
76%
North AmericaPanama
76%
OceaniaNew Zealand
76%
Europethe Netherlands
76%
North AmericaNicaragua
73%
EuropeIreland
71%
EuropeSweden
66%
Asiathe Philippines
54%
AsiaQatar
24%

Score Distribution

Percentile by Number Answered

Percent of People with Each Score

Your Score History

You have not taken this quiz